| 000 | 00613nam a2200205Ia 4500 | ||
|---|---|---|---|
| 003 | OSt | ||
| 005 | 20230126031527.0 | ||
| 008 | 151015s9999 xx 000 0 und d | ||
| 020 | _a323031706 | ||
| 040 |
_cMMU _aMMU _beng _dMMU |
||
| 050 | _aRT 81.5 .N8665 2010 | ||
| 100 | _aGrippa, Kathleen Rose | ||
| 245 |
_a Nursing Research : _bMethods and Critical Appraisal Evidence -Based Practice / _cKathleen Rose Grippa. |
||
| 260 |
_aSt Louis: _bMosby, _c2003 |
||
| 300 | _a221 p. : | ||
| 500 | _aIncludes index . | ||
| 650 |
_aNursing research _9171 |
||
| 700 | _aMary Jo Gorney -Grippa | ||
| 942 |
_2lcc _cLOAN LOAN |
||
| 999 |
_c2155 _d2155 |
||